[Event "Voronezh op-B 22nd"]
[Site "Voronezh"]
[Date "2018.06.14"]
[Round "3"]
[White "Povelitsa, Nikolai"]
[Black "Titov, Oleg1111"]
[Result "0-1"]
[WhiteElo "1364"]
[BlackElo "1695"]
[PlyCount "38"]
[EventDate "2018.06.12"]
[EventType "swiss"]
[EventRounds "9"]
[EventCountry "RUS"]
[SourceTitle "CBM 185 Extra"]
[Source "ChessBase"]
[SourceDate "2018.07.29"]
[SourceVersion "1"]
[SourceVersionDate "2018.07.29"]
[SourceQuality "1"]

1. e4 e5 2. Nc3 Nf6 3. Nf3 Nc6 4. a3 Bc5 5. Bc4 d6 6. d3 0-0 7. Bg5 h6 8. Bh4 g5 9. Nxg5 hxg5 10. Bxg5 Be6 11. Qf3 Nd4 12. Qg3 Nh5 13. Qh4 f6 14. Bxe6+ Nxe6 15. Bh6 Nhg7 16. Nd5 c6 17. Ne3 Bxe3 18. fxe3 f5 19. 0-0-0 Qxh4 0-1